000
00406nam a22001697a 4500
003
MPLRDC
005
20220104123436.0
008
210129b ||||| |||| 00| 0 eng d
082
_a
997.1 FTZ
100
_a
傅天真编
245
_a
棋类游戏三十种
_c
250
_a
再版
260
_a
_b
艺美图书公司
_c
1974
300
_b
平
650
_a
智力游戏--棋艺
942
_c
BK
_o
997.1 FTZ
999
_c
11459
_d
11449